| 000 | 00342nam a2200133Ia 4500 | ||
|---|---|---|---|
| 008 | 240624s9999 xx 000 0 und d | ||
| 041 | _aeng | ||
| 082 | _a204 JAM | ||
| 100 | _aJAMAL AZIM | ||
| 245 | _a7 STEPS TO LASTING HAPPINESS | ||
| 260 |
_c2007 _aMumbai _bJaico Publishing House |
||
| 300 | _axiii, : 236 : p. : cm. ; 23 | ||
| 365 |
_cRS _b30 |
||
| 999 |
_c8204 _d8204 |
||